[Event "Bratto op 34th"]
[Site "Bratto"]
[Date "2014.08.25"]
[Round "4"]
[White "Ceccarini, Marco"]
[Black "Attuati, Stefano"]
[Result "1/2-1/2"]
[WhiteElo "2094"]
[BlackElo "2006"]
[PlyCount "39"]
[EventDate "2014.08.22"]
[EventType "swiss"]
[EventRounds "9"]
[EventCountry "ITA"]
[SourceTitle "EXT 2016"]
[Source "ChessBase"]
[SourceDate "2015.10.08"]
[SourceVersion "1"]
[SourceVersionDate "2015.10.08"]
[SourceQuality "1"]

1. e4 Nf6 2. e5 Nd5 3. Nc3 e6 4. d4 d6 5. Nf3 Nc6 6. Bb5 Bd7 7. Nxd5 exd5 8. 0-0 dxe5 9. Bxc6 bxc6 10. Nxe5 Be7 11. Bf4 0-0 12. Qf3 f6 13. Nxd7 Qxd7 14. Rfe1 Rab8 15. b3 Bd6 16. Re2 Rbe8 17. Bxd6 cxd6 18. Rae1 f5 19. Kf1 Re4 20. Qd3 1/2-1/2

[Event "Milan Crespi op-A 32nd"]
[Site "Milan"]
[Date "2011.12.10"]
[Round "9"]
[White "Attuati, Stefano"]
[Black "Quaranta, Cristiano"]
[Result "1-0"]
[WhiteElo "2006"]
[BlackElo "2118"]
[PlyCount "89"]
[EventDate "2011.12.03"]
[EventType "swiss"]
[EventRounds "9"]
[EventCountry "ITA"]
[SourceTitle "EXT 2022"]
[Source "ChessBase"]
[SourceDate "2021.10.06"]
[SourceVersion "1"]
[SourceVersionDate "2021.10.06"]
[SourceQuality "1"]

1. e4 Nf6 2. e5 Nd5 3. d4 d6 4. Nf3 dxe5 5. dxe5 Bg4 6. h3 Bxf3 7. Qxf3 e6 8. c3 Nd7 9. Qg3 c6 10. Nd2 h5 11. Nc4 h4 12. Qh2 N7b6 13. Nd6+ Bxd6 14. exd6 Qd7 15. Bd2 a5 16. a3 Nf6 17. c4 Ne4 18. Be3 Na4 19. Qe5 Nf6 20. Be2 b6 21. b4 Kf8 22. Bf3 Ne8 23. c5 b5 24. 0-0 Ra6 25. Bd4 f6 26. Qe4 e5 27. Bg4 Qd8 28. Be3 Nc3 29. Qg6 Nd5 30. Be6 Ra7 31. Rad1 Rd7 32. Rxd5 cxd5 33. c6 d4 34. cxd7 Nxd6 35. Rc1 dxe3 36. Rc8 e2 37. Rxd8+ Ke7 38. Re8+ Nxe8 39. dxe8Q+ Rxe8 40. Qe4 Kxe6 41. Qxe2 axb4 42. axb4 Rb8 43. Qg4+ Kf7 44. Qxh4 Rd8 45. Qe4 1-0

[Event "Milan Crespi op-A 32nd"]
[Site "Milan"]
[Date "2011.12.06"]
[Round "4"]
[White "Attuati, Stefano"]
[Black "Andreoni, Giuseppe"]
[Result "0-1"]
[WhiteElo "2006"]
[BlackElo "2122"]
[PlyCount "90"]
[EventDate "2011.12.03"]
[EventType "swiss"]
[EventRounds "9"]
[EventCountry "ITA"]
[SourceTitle "EXT 2022"]
[Source "ChessBase"]
[SourceDate "2021.10.06"]
[SourceVersion "1"]
[SourceVersionDate "2021.10.06"]
[SourceQuality "1"]

1. e4 c5 2. Nf3 d6 3. d4 cxd4 4. Nxd4 Nf6 5. Nc3 a6 6. Bc4 e6 7. Bb3 Be7 8. Be3 0-0 9. Qe2 b5 10. f3 Qc7 11. 0-0-0 Nc6 12. g4 Nxd4 13. Bxd4 Nd7 14. h4 Nc5 15. g5 Bd7 16. Rdg1 b4 17. Nd1 Nxb3+ 18. axb3 a5 19. h5 e5 20. Be3 a4 21. g6 axb3 22. c4 Bb5 23. h6 fxg6 24. hxg7 Rf7 25. Rxh7 Rxg7 26. Rxg7+ Kxg7 27. Kd2 Qxc4 28. Qxc4 Bxc4 29. Bg5 Bxg5+ 30. Rxg5 Rh8 31. Rg2 Rh3 32. Ne3 Be6 33. Ke2 Rh1 34. Kd2 Rb1 35. Kd3 Kf7 36. Nd5 Bxd5 37. exd5 Rc1 38. Rg4 Rc2 39. Rxb4 Rxb2 40. Kc3 Rf2 41. Kxb3 Rxf3+ 42. Kc2 g5 43. Rb6 Rf6 44. Kd3 Kg6 45. Ke3 g4 0-1

[Event "Vimercate op 5th"]
[Site "Vimercate"]
[Date "2011.11.27"]
[Round "5"]
[White "Attuati, Stefano"]
[Black "Panades, Ignazio"]
[Result "1-0"]
[WhiteElo "2006"]
[BlackElo "1737"]
[PlyCount "45"]
[EventDate "2011.11.25"]
[EventType "swiss"]
[EventRounds "5"]
[EventCountry "ITA"]
[SourceTitle "EXT 2014"]
[Source "ChessBase"]
[SourceDate "2013.11.20"]
[SourceVersion "1"]
[SourceVersionDate "2013.11.20"]
[SourceQuality "1"]

1. e4 c5 2. Nf3 d6 3. d4 cxd4 4. Nxd4 Nf6 5. Nc3 a6 6. Bc4 e6 7. Bb3 Nbd7 8. f4 Nc5 9. 0-0 Be7 10. Qf3 0-0 11. Be3 Qc7 12. g4 b5 13. g5 Nfd7 14. f5 Ne5 15. Qh5 Nxb3 16. axb3 Re8 17. Rf4 exf5 18. Nd5 Qb7 19. Nf6+ gxf6 20. Rh4 Ng6 21. Qxh7+ Kf8 22. exf5 Nxh4 23. Qh8# 1-0

[Event "Biella op-A 2nd"]
[Site "Biella"]
[Date "2011.09.26"]
[Round "5"]
[White "Giretti Kanev, Jasen"]
[Black "Attuati, Stefano"]
[Result "0-1"]
[WhiteElo "2205"]
[BlackElo "1977"]
[PlyCount "76"]
[EventDate "2011.09.23"]
[EventType "swiss"]
[EventRounds "5"]
[EventCountry "ITA"]
[SourceTitle "CBM 144 Extra"]
[Source "ChessBase"]
[SourceDate "2011.10.28"]
[SourceVersion "1"]
[SourceVersionDate "2011.10.28"]
[SourceQuality "1"]

1. Nf3 e6 2. c4 f5 3. Nc3 Nf6 4. d4 d5 5. Bg5 c6 6. e3 Bd6 7. Ne5 0-0 8. Bd3 Qe8 9. 0-0 Bxe5 10. dxe5 Ng4 11. Bf4 Nd7 12. cxd5 exd5 13. Bxf5 Rxf5 14. Qxg4 Nxe5 15. Bxe5 Rxe5 16. Qg3 Qh5 17. f4 Re7 18. Rae1 Bf5 19. Ne2 Re6 20. Qg5 Qxg5 21. fxg5 Re5 22. Nd4 Bd3 23. Rf4 Rae8 24. Kf2 Rxg5 25. Nf3 Rf5 26. Ra4 a6 27. Kg3 Be4 28. Rb4 Re7 29. a4 Ref7 30. Rf1 g5 31. a5 g4 32. Kxg4 Rg7+ 33. Kh4 Rxg2 34. Rg1 Rh5+ 35. Kxh5 Bxf3+ 36. Kh4 Rxg1 37. Rxb7 Rg4+ 38. Kh3 h5 0-1

[Event "Bratto op 31st"]
[Site "Bratto"]
[Date "2011.08.27"]
[Round "8"]
[White "Attuati, Stefano"]
[Black "Notkevich, Benjamin Arvola"]
[Result "0-1"]
[WhiteElo "1963"]
[BlackElo "2207"]
[PlyCount "70"]
[EventDate "2011.08.20"]
[EventType "swiss"]
[EventRounds "9"]
[EventCountry "ITA"]
[SourceTitle "EXT 2022"]
[Source "ChessBase"]
[SourceDate "2021.10.06"]
[SourceVersion "1"]
[SourceVersionDate "2021.10.06"]
[SourceQuality "1"]

1. e4 Nf6 2. e5 Nd5 3. d4 d6 4. Nf3 g6 5. Bc4 c6 6. h3 Bg7 7. Qe2 0-0 8. 0-0 h6 9. Bb3 Be6 10. Rd1 b5 11. Bxd5 Bxd5 12. Nc3 Bc4 13. Qe4 b4 14. b3 Be6 15. d5 Bf5 16. Qxb4 Bxc2 17. Rd2 Bf5 18. e6 Na6 19. Qh4 Bxc3 20. Qxh6 Bg7 21. Qh4 f6 22. Nd4 cxd5 23. Nxf5 gxf5 24. Rd3 Nc5 25. Rg3 Nxe6 26. Bh6 Rf7 27. Re1 Ng5 28. f4 Bxh6 29. Qxh6 Rh7 30. Qg6+ Rg7 31. Qxf5 e6 32. Qg4 f5 33. Qh5 Ne4 34. Rxg7+ Kxg7 35. g4 Qb6+ 0-1

[Event "Bratto op 31st"]
[Site "Bratto"]
[Date "2011.08.26"]
[Round "7"]
[White "Salmoiraghi, Angelo"]
[Black "Attuati, Stefano"]
[Result "1-0"]
[WhiteElo "2152"]
[BlackElo "1963"]
[PlyCount "89"]
[EventDate "2011.08.20"]
[EventType "swiss"]
[EventRounds "9"]
[EventCountry "ITA"]
[SourceTitle "EXT 2022"]
[Source "ChessBase"]
[SourceDate "2021.10.06"]
[SourceVersion "1"]
[SourceVersionDate "2021.10.06"]
[SourceQuality "1"]

1. d4 e6 2. Nf3 f5 3. g3 Nf6 4. Bg2 d5 5. 0-0 Bd6 6. c4 c6 7. Nc3 0-0 8. Qc2 Nbd7 9. cxd5 exd5 10. Qxf5 Nc5 11. Qc2 Nce4 12. Ng5 Nxg5 13. Bxg5 h6 14. Bxf6 Qxf6 15. e4 Qxd4 16. Rad1 Qc4 17. exd5 Bf5 18. Be4 Bxe4 19. Qxe4 Qxe4 20. Nxe4 Be5 21. d6 Rf7 22. Rd2 b6 23. b4 Rd7 24. Rc1 Rc8 25. f4 Bf6 26. Kg2 Kf7 27. Rdc2 Ke6 28. Rxc6 Rxc6 29. Rxc6 Bd8 30. b5 Kd5 31. Kf3 Ke6 32. Ke3 Kd5 33. g4 g6 34. Kd3 g5 35. f5 Ke5 36. Ke3 Kd5 37. Rc2 Ke5 38. Rf2 Bf6 39. Rf1 Rf7 40. Nxf6 Kxf6 41. Rd1 Rd7 42. Ke4 Kf7 43. Ke5 Rd8 44. d7 Ke7 45. f6+ 1-0

[Event "Bratto op 31st"]
[Site "Bratto"]
[Date "2011.08.22"]
[Round "3"]
[White "Brun, Dario"]
[Black "Attuati, Stefano"]
[Result "1-0"]
[WhiteElo "2265"]
[BlackElo "1963"]
[PlyCount "73"]
[EventDate "2011.08.20"]
[EventType "swiss"]
[EventRounds "9"]
[EventCountry "ITA"]
[SourceTitle "EXT 2022"]
[Source "ChessBase"]
[SourceDate "2021.10.06"]
[SourceVersion "1"]
[SourceVersionDate "2021.10.06"]
[SourceQuality "1"]

1. d4 e6 2. c4 f5 3. Nc3 Nf6 4. Nf3 Be7 5. g3 d5 6. Bg2 c6 7. 0-0 0-0 8. Qc2 Ne4 9. Ne5 Nd7 10. Bf4 g5 11. Nxd7 Bxd7 12. Be5 Nd6 13. b3 Be8 14. Rad1 Bg6 15. f4 Ne4 16. Nxe4 fxe4 17. Bh3 Bf5 18. g4 Bg6 19. f5 exf5 20. gxf5 Qd7 21. cxd5 cxd5 22. fxg6 Qxh3 23. Qc7 Qg4+ 24. Kh1 Qe6 25. g7 Rfc8 26. Qxb7 e3 27. Rf3 g4 28. Rf4 g3 29. Rdf1 Rd8 30. Rf7 g2+ 31. Kxg2 Qg4+ 32. Kh1 Qe4+ 33. R7f3 Re8 34. Qd7 h6 35. Qe6+ Kh7 36. g8Q+ Rxg8 37. Qxe7+ 1-0

[Event "Bergamo op 10th"]
[Site "Bergamo"]
[Date "2011.07.17"]
[Round "6"]
[White "Cani, Gazmir"]
[Black "Attuati, Stefano"]
[Result "0-1"]
[WhiteElo "2114"]
[BlackElo "1963"]
[PlyCount "134"]
[EventDate "2011.07.15"]
[EventType "swiss"]
[EventRounds "6"]
[EventCountry "ITA"]
[SourceTitle "EXT 2023"]
[Source "ChessBase"]
[SourceDate "2022.10.05"]
[SourceVersion "1"]
[SourceVersionDate "2022.10.05"]
[SourceQuality "1"]

1. Nf3 e6 2. c4 f5 3. g3 Nf6 4. Bg2 d5 5. 0-0 Bd6 6. Nc3 c6 7. d3 0-0 8. e4 dxe4 9. dxe4 e5 10. exf5 Bxf5 11. Qb3 Qb6 12. Be3 Qxb3 13. axb3 Bc2 14. c5 Bc7 15. b4 Ng4 16. Bg5 Bd3 17. h3 Bxf1 18. Rxf1 Nf6 19. Nd2 a6 20. Nc4 Nbd7 21. Rd1 h6 22. Be3 Rfe8 23. g4 Nf8 24. Ne2 Ne6 25. Ng3 Nf4 26. Bxf4 exf4 27. Nf5 Rad8 28. Nfd6 Bxd6 29. Nxd6 Re2 30. Ra1 Rd7 31. b3 Ne8 32. b5 axb5 33. Ra8 Rde7 34. Rb8 Re1+ 35. Kh2 Kh7 36. Rxb7 Nxd6 37. Rxe7 Rxe7 38. cxd6 Rd7 39. Bxc6 Rxd6 40. Bxb5 Kg6 41. h4 Rd2 42. Kg2 Kf6 43. Be8 Rb2 44. Ba4 g5 45. hxg5+ hxg5 46. Kf3 Ke5 47. Kg2 Kd4 48. Kf3 Kc3 49. Ke4 Rxf2 50. Kf5 Re2 51. Kxg5 f3 52. Bc6 f2 53. Bg2 Re1 54. Kf6 f1Q+ 55. Bxf1 Rxf1+ 56. Ke5 Rg1 57. Kf5 Kd4 58. g5 Kd5 59. Kf6 Kd6 60. g6 Rf1+ 61. Kg7 Ke7 62. b4 Rb1 63. b5 Rxb5 64. Kg8 Kf6 65. g7 Kg6 66. Kh8 Rh5+ 67. Kg8 Rh7 0-1

[Event "Bergamo op 10th"]
[Site "Bergamo"]
[Date "2011.07.15"]
[Round "1"]
[White "Srebrnic, Vojko"]
[Black "Attuati, Stefano"]
[Result "1-0"]
[WhiteElo "2220"]
[BlackElo "1963"]
[PlyCount "61"]
[EventDate "2011.07.15"]
[EventType "swiss"]
[EventRounds "6"]
[EventCountry "ITA"]
[SourceTitle "EXT 2023"]
[Source "ChessBase"]
[SourceDate "2022.10.05"]
[SourceVersion "1"]
[SourceVersionDate "2022.10.05"]
[SourceQuality "1"]

1. e4 e6 2. d4 d5 3. Nc3 Nf6 4. Bg5 dxe4 5. Nxe4 Be7 6. Bxf6 gxf6 7. Nf3 Nd7 8. Qd2 c6 9. 0-0-0 b6 10. Bd3 Qc7 11. Kb1 Bb7 12. Qe2 0-0-0 13. Ba6 Rhg8 14. g3 Rg4 15. Rhe1 f5 16. Ned2 Bf6 17. h3 Rgg8 18. Bxb7+ Kxb7 19. Nc4 h5 20. Nfe5 b5 21. Nxf7 bxc4 22. Nxd8+ Qxd8 23. Qxc4 Nb6 24. Qxe6 Nd5 25. Rd3 Rg7 26. Qxf5 Qa5 27. Rb3+ Kc7 28. Re5 Rd7 29. a3 Bxe5 30. Qxe5+ Rd6 31. Rf3 1-0

[Event "Milan Palladino Memorial"]
[Site "Milan"]
[Date "2011.04.25"]
[Round "7"]
[White "Guzzetti, Luigi Enrico"]
[Black "Attuati, Stefano"]
[Result "0-1"]
[WhiteElo "1908"]
[BlackElo "1958"]
[PlyCount "128"]
[EventDate "2011.04.21"]
[EventType "swiss"]
[EventRounds "7"]
[EventCountry "ITA"]
[SourceTitle "EXT 2023"]
[Source "ChessBase"]
[SourceDate "2022.10.05"]
[SourceVersion "1"]
[SourceVersionDate "2022.10.05"]
[SourceQuality "1"]

1. e4 e6 2. d4 d5 3. e5 c5 4. c3 Qb6 5. Nf3 Bd7 6. Be2 Nh6 7. 0-0 Nc6 8. b3 cxd4 9. cxd4 Nf5 10. Bb2 Be7 11. g4 Nh4 12. Nxh4 Bxh4 13. Na3 Be7 14. Nc2 0-0 15. Qd3 f6 16. a3 Na5 17. Bc3 Nc6 18. b4 Rac8 19. Ra2 Qc7 20. f4 Nxe5 21. fxe5 Qxc3 22. Rf3 Qxd3 23. Bxd3 Ba4 24. Kg2 Rc7 25. Kg3 Rfc8 26. Ne1 Bb3 27. Raf2 Bd1 28. Be2 Bxe2 29. Rxe2 fxe5 30. dxe5 Rc3 31. Ree3 Rxe3 32. Rxe3 Bg5 33. Rd3 Rc4 34. Nf3 Bf4+ 35. Kh4 b5 36. Kh3 Re4 37. Rc3 Rc4 38. Rd3 h6 39. Kg2 Re4 40. Rc3 Bxe5 41. Rc8+ Kh7 42. Nxe5 Rxe5 43. Ra8 d4 44. Rxa7 Rd5 45. Kf2 e5 46. Ke2 e4 47. Re7 d3+ 48. Kd2 Rd4 49. Re5 Kg6 50. h4 Kf6 51. Re8 h5 52. gxh5 Kf5 53. Re7 Rd5 54. Rxg7 e3+ 55. Kd1 d2 56. Re7 Re5 57. Rxe5+ Kxe5 58. h6 Kf6 59. h5 Kf7 60. Ke2 Kg8 61. a4 bxa4 62. b5 a3 63. b6 a2 64. b7 a1Q 0-1

[Event "Milan Palladino Memorial"]
[Site "Milan"]
[Date "2011.04.21"]
[Round "1"]
[White "Cazzaniga, Walter"]
[Black "Attuati, Stefano"]
[Result "1-0"]
[WhiteElo "2079"]
[BlackElo "1958"]
[PlyCount "105"]
[EventDate "2011.04.21"]
[EventType "swiss"]
[EventRounds "7"]
[EventCountry "ITA"]
[SourceTitle "EXT 2023"]
[Source "ChessBase"]
[SourceDate "2022.10.05"]
[SourceVersion "1"]
[SourceVersionDate "2022.10.05"]
[SourceQuality "1"]

1. d4 e6 2. c4 f5 3. Nf3 Nf6 4. g3 d5 5. Bg2 c6 6. 0-0 Bd6 7. b3 Qe7 8. Bb2 0-0 9. Qc2 Bd7 10. Nbd2 Be8 11. Rae1 Ne4 12. Ne5 Bb4 13. Bxe4 fxe4 14. Bc3 Bd6 15. f4 Nd7 16. e3 Nf6 17. Rf2 Bh5 18. Rg2 Ng4 19. h3 Nh6 20. Nf1 Bxe5 21. dxe5 Bf3 22. Rf2 g5 23. cxd5 exd5 24. Qd2 Qe6 25. fxg5 Nf7 26. h4 b6 27. Nh2 Nxe5 28. Qd4 Rae8 29. Nxf3 exf3 30. Qxe5 Qxe5 31. Bxe5 Rxe5 32. Rd2 d4 33. Kf2 dxe3+ 34. Rxe3 Rxe3 35. Kxe3 Kg7 36. Rf2 c5 37. Rxf3 Re8+ 38. Kf4 Re2 39. a4 Rd2 40. Kg4 Rd4+ 41. Rf4 Rd3 42. b4 cxb4 43. Rxb4 Rd7 44. h5 Rc7 45. Re4 Rd7 46. h6+ Kf8 47. Rc4 Kf7 48. Kh5 Rd3 49. Rc7+ Kg8 50. Rg7+ Kh8 51. Rxa7 Kg8 52. Ra8+ Kf7 53. Rb8 1-0

[Event "Milan Befana op"]
[Site "Milan"]
[Date "2011.01.05"]
[Round "5"]
[White "Attuati, Stefano"]
[Black "Murli, Almerico"]
[Result "1-0"]
[WhiteElo "1983"]
[BlackElo "1821"]
[PlyCount "44"]
[EventDate "2011.01.02"]
[EventType "swiss"]
[EventRounds "6"]
[EventCountry "ITA"]
[SourceTitle "EXT 2012"]
[Source "ChessBase"]
[SourceDate "2011.11.24"]
[SourceVersion "1"]
[SourceVersionDate "2011.11.24"]
[SourceQuality "1"]

1. e4 g6 2. d4 Bg7 3. Nc3 c6 4. Be3 Qb6 5. a3 d6 6. Bc4 Qc7 7. f4 b5 8. Ba2 Nf6 9. h3 e6 10. Nge2 Bb7 11. Qd2 a5 12. e5 dxe5 13. fxe5 Nd5 14. Ne4 0-0 15. Bh6 Nd7 16. 0-0 c5 17. Bxd5 Bxd5 18. Nf6+ Kh8 19. Rf4 Nxe5 20. dxe5 Qxe5 21. Bxg7+ Kxg7 22. Nd7 Qg5 1-0

[Event "Crema op 12th"]
[Site "Crema "]
[Date "2010.09.05"]
[Round "2"]
[White "Attuati, Stefano"]
[Black "Giretti Kanev, Jasen"]
[Result "0-1"]
[WhiteElo "1930"]
[BlackElo "2191"]
[PlyCount "104"]
[EventDate "2010.09.05"]
[EventType "swiss"]
[EventRounds "6"]
[EventCountry "ITA"]
[SourceTitle "EXT 2012"]
[Source "ChessBase"]
[SourceDate "2011.11.24"]
[SourceVersion "1"]
[SourceVersionDate "2011.11.24"]
[SourceQuality "1"]

1. e4 c6 2. d4 d5 3. Nc3 dxe4 4. Nxe4 Nf6 5. Nxf6+ gxf6 6. Nf3 Bg4 7. Be2 e6 8. Bf4 Bd6 9. Qd2 Rg8 10. 0-0-0 a5 11. h3 Bf5 12. g4 Bg6 13. h4 Na6 14. Bxa6 Rxa6 15. Qe3 Bxf4 16. Qxf4 h5 17. gxh5 Bxh5 18. Rdg1 Rg6 19. Nd2 Ke7 20. Ne4 Qxd4 21. Qc7+ Kf8 22. Nd6 Rxg1+ 23. Rxg1 Ra8 24. Nxb7 Qe5 25. Qxc6 Rb8 26. Qc5+ Qxc5 27. Nxc5 Rb4 28. Rh1 Bg6 29. h5 Bxc2 30. Nxe6+ fxe6 31. Kxc2 Rf4 32. Rh2 Kg7 33. a3 Kh6 34. Kc3 a4 35. Kc2 Rf3 36. Kd2 e5 37. Kc2 f5 38. Kd2 e4 39. Kc2 Rd3 40. Rh4 Kg5 41. Rh2 Kh6 42. Rh4 Rf3 43. Rh2 f4 44. Kd2 Rxf2+ 45. Rxf2 e3+ 46. Ke2 exf2 47. Kxf2 Kxh5 48. Kf3 Kg5 49. Kf2 Kf5 50. Kf3 Ke5 51. Kf2 Ke4 52. Ke2 f3+ 0-1

[Event "Crema op 12th"]
[Site "Crema "]
[Date "2010.09.05"]
[Round "4"]
[White "Attuati, Stefano"]
[Black "Guglielmetti, Oscar"]
[Result "1-0"]
[WhiteElo "1930"]
[BlackElo "1779"]
[PlyCount "35"]
[EventDate "2010.09.05"]
[EventType "swiss"]
[EventRounds "6"]
[EventCountry "ITA"]
[SourceTitle "EXT 2012"]
[Source "ChessBase"]
[SourceDate "2011.11.24"]
[SourceVersion "1"]
[SourceVersionDate "2011.11.24"]
[SourceQuality "1"]

1. e4 g6 2. d4 d6 3. Nc3 Nf6 4. Be3 Bg7 5. f3 0-0 6. Qd2 Nbd7 7. 0-0-0 c6 8. Bh6 b5 9. Kb1 Qa5 10. h4 b4 11. Nce2 Bxh6 12. Qxh6 Qh5 13. Qd2 Qa5 14. h5 g5 15. h6 Nb6 16. e5 Be6 17. Qxg5+ Kh8 18. Qg7# 1-0

[Event "Crema op 12th"]
[Site "Crema "]
[Date "2010.09.05"]
[Round "3"]
[White "Pisani, Valerio"]
[Black "Attuati, Stefano"]
[Result "0-1"]
[WhiteElo "1749"]
[BlackElo "1930"]
[PlyCount "48"]
[EventDate "2010.09.05"]
[EventType "swiss"]
[EventRounds "6"]
[EventCountry "ITA"]
[SourceTitle "EXT 2012"]
[Source "ChessBase"]
[SourceDate "2011.11.24"]
[SourceVersion "1"]
[SourceVersionDate "2011.11.24"]
[SourceQuality "1"]

1. e4 e6 2. Nf3 d5 3. exd5 exd5 4. d4 Bg4 5. Bd3 Nc6 6. c3 Qd7 7. 0-0 0-0-0 8. b4 Bd6 9. Na3 Nf6 10. Bg5 h6 11. Bh4 g5 12. Bg3 Nh5 13. Nb5 Nf4 14. Nxd6+ Qxd6 15. a4 Qd7 16. Bb5 Rde8 17. Bxf4 gxf4 18. h3 Bxh3 19. Ne5 Rxe5 20. dxe5 Rg8 21. Qh5 Bxg2 22. Kh2 Rg5 23. Qh4 Qf5 24. Be2 f3 0-1

[Event "Milan SSM August"]
[Site "Milan"]
[Date "2010.08.03"]
[Round "6"]
[White "Attuati, Stefano"]
[Black "Rossi, Giampiero"]
[Result "1-0"]
[WhiteElo "1900"]
[BlackElo "1916"]
[PlyCount "59"]
[EventDate "2010.07.30"]
[EventType "swiss"]
[EventRounds "7"]
[EventCountry "ITA"]
[SourceTitle "EXT 2024"]
[Source "ChessBase"]
[SourceDate "2023.10.10"]
[SourceVersion "1"]
[SourceVersionDate "2023.10.10"]
[SourceQuality "1"]

1. e4 c5 2. Nf3 e6 3. d4 cxd4 4. Nxd4 a6 5. Bd3 Nf6 6. Nc3 Qc7 7. f4 d6 8. Be3 Be7 9. 0-0 Bd7 10. Qf3 Nc6 11. Nb3 0-0 12. g4 Rfc8 13. g5 Ne8 14. Na4 Nd4 15. Nxd4 Bxa4 16. e5 g6 17. f5 exf5 18. Nxf5 Bf8 19. e6 fxe6 20. Nh6+ Bxh6 21. gxh6 Qe7 22. Qg2 Bc6 23. Qg3 Bb5 24. Bxg6 Bxf1 25. Rxf1 Nf6 26. Bd3+ Kh8 27. Bg5 Nh5 28. Bxe7 Nxg3 29. hxg3 d5 30. Rf7 1-0

[Event "Milan SSM August"]
[Site "Milan"]
[Date "2010.08.01"]
[Round "3"]
[White "Attuati, Stefano"]
[Black "Simone, Marco"]
[Result "1/2-1/2"]
[WhiteElo "1900"]
[BlackElo "1854"]
[PlyCount "76"]
[EventDate "2010.07.30"]
[EventType "swiss"]
[EventRounds "7"]
[EventCountry "ITA"]
[SourceTitle "EXT 2024"]
[Source "ChessBase"]
[SourceDate "2023.10.10"]
[SourceVersion "1"]
[SourceVersionDate "2023.10.10"]
[SourceQuality "1"]

1. e4 e6 2. d4 d5 3. Nc3 Bb4 4. Bd2 dxe4 5. Qg4 Qxd4 6. Nf3 Nh6 7. Qxe6+ Bxe6 8. Nxd4 Bxc3 9. Bxc3 Bd7 10. Nb5 Bxb5 11. Bxb5+ c6 12. Bxg7 Rg8 13. Bxh6 cxb5 14. 0-0 Nd7 15. Rfe1 f5 16. Rad1 Nf6 17. Rd6 Ke7 18. Red1 Rad8 19. Rxd8 Rxd8 20. Rxd8 Kxd8 21. Bg5 Ke7 22. Kf1 Ke6 23. Bxf6 Kxf6 24. Ke2 Ke5 25. g3 b4 26. Ke3 a5 27. h3 h5 28. h4 a4 29. a3 b3 30. c3 b6 31. c4 Ke6 32. Kf4 Kf6 33. f3 exf3 34. Kxf3 Ke5 35. Ke3 Ke6 36. Kd4 Kd6 37. Kd3 Ke5 38. Ke3 Ke6 1/2-1/2

[Event "Lombardia Region-ch"]
[Site "Solaro"]
[Date "2010.05.30"]
[Round "5"]
[White "Attuati, Stefano"]
[Black "Ricci, Marco"]
[Result "0-1"]
[WhiteElo "1867"]
[BlackElo "2094"]
[PlyCount "42"]
[EventDate "2010.05.28"]
[EventType "swiss"]
[EventRounds "5"]
[EventCountry "ITA"]
[SourceTitle "EXT 2024"]
[Source "ChessBase"]
[SourceDate "2023.10.10"]
[SourceVersion "1"]
[SourceVersionDate "2023.10.10"]
[SourceQuality "1"]

1. e4 e6 2. d4 d5 3. Nc3 Nf6 4. e5 Nfd7 5. f4 c5 6. Nf3 Nc6 7. Be3 cxd4 8. Nxd4 Bc5 9. Qd2 0-0 10. 0-0-0 Nxd4 11. Bxd4 Bxd4 12. Qxd4 Qb6 13. Qd2 f6 14. Nxd5 exd5 15. Qxd5+ Kh8 16. e6 Qe3+ 17. Qd2 Qxe6 18. Bb5 Qxa2 19. Qb4 b6 20. Bc6 Rb8 21. c3 Nc5 0-1

[Event "Milan Palladino Memorial"]
[Site "Milan"]
[Date "2010.04.05"]
[Round "5"]
[White "Battistella, Stefano"]
[Black "Attuati, Stefano"]
[Result "1-0"]
[WhiteElo "2095"]
[BlackElo "1848"]
[PlyCount "23"]
[EventDate "2010.04.01"]
[EventType "swiss"]
[EventRounds "6"]
[EventCountry "ITA"]
[SourceTitle "EXT 2024"]
[Source "ChessBase"]
[SourceDate "2023.10.10"]
[SourceVersion "1"]
[SourceVersionDate "2023.10.10"]
[SourceQuality "1"]

1. Nf3 d5 2. c4 c6 3. b3 Bf5 4. Bb2 e6 5. g3 h6 6. Bg2 Nf6 7. 0-0 Bd6 8. d3 Nbd7 9. cxd5 exd5 10. e4 dxe4 11. dxe4 Nxe4 12. Nh4 1-0

[Event "Milan Palladino Memorial"]
[Site "Milan"]
[Date "2010.04.01"]
[Round "1"]
[White "Virzi, Ettore"]
[Black "Attuati, Stefano"]
[Result "1/2-1/2"]
[WhiteElo "1999"]
[BlackElo "1848"]
[PlyCount "55"]
[EventDate "2010.04.01"]
[EventType "swiss"]
[EventRounds "6"]
[EventCountry "ITA"]
[SourceTitle "EXT 2024"]
[Source "ChessBase"]
[SourceDate "2023.10.10"]
[SourceVersion "1"]
[SourceVersionDate "2023.10.10"]
[SourceQuality "1"]

1. e4 e6 2. d4 d5 3. Nc3 Nf6 4. e5 Nfd7 5. f4 c5 6. Nf3 Nc6 7. Be3 cxd4 8. Nxd4 Bc5 9. Qd2 a6 10. 0-0-0 0-0 11. Qf2 Nxd4 12. Bxd4 Qc7 13. Kb1 b5 14. Bd3 Bxd4 15. Qxd4 Nb6 16. Qf2 Bd7 17. Ne2 b4 18. h4 Nc4 19. Rh3 a5 20. Rg3 a4 21. Qf3 Be8 22. Bxh7+ Kxh7 23. Qh5+ Kg8 24. Rxg7+ Kxg7 25. Qg5+ Kh7 26. Qh5+ Kg7 27. Qg5+ Kh7 28. Qh5+ 1/2-1/2